[Event "Dvorkovich Memorial Rapid 2018"]
[Site "Taganrog"]
[Date "2018.01.14"]
[Round "2.22"]
[White "Semenova, Elena"]
[Black "Triapishko, Alexandr"]
[Result "1/2-1/2"]
[WhiteElo "2238"]
[BlackElo "2531"]
[Annotator "TA"]
[PlyCount "98"]
[EventDate "2018.??.??"]
[EventType "swiss"]
[EventCountry "RUS"]
[SourceTitle "playchess.com"]
[Source "ChessBase"]
[SourceQuality "1"]

{[%evp 12,98,27,0,16,16,16,16,10,-20,5,-37,-39,-41,-35,-37,0,0,0,-29,-13,-12,-10,-10,-10,-8,-9,-9,-9,-6,-4,-7,-13,-28,-13,-5,-5,-5,-5,0,0,-5,-5,-4,-2,-8,-8,-14,-15,-25,0,0,0,0,0,0,0,0,0,0,0,-40,-19,-35,-37,-39,-45,-77,-78,-127,-127,-127,-127,-131,-117,-1027,-869,-406,-406,-406,-406,-406,-90,-1644,-1223,-12804,-5291,-29994,-29995]} 1. e4 e5 2. Nf3 Nc6 3. Bc4 Nf6 4. d3 Bc5 5. c3 d6 6. O-O a6 7. d4 (7. b4 {NOTEXT} Ba7 8. Nbd2 O-O 9. a4 h6 10. Re1) 7... Ba7 {C54: Giuoco Piano: 4 c3 Nf6, main lines with 5 d4 and 5 d3} 8. dxe5 Nxe5 9. Nxe5 dxe5 {The position is equal.} 10. Qxd8+ Kxd8 11. Bg5 (11. Nd2 Ke7 12. Nf3 Nxe4 13. Nxe5 Be6 14. Bf4 Rhe8 15. Bd3 Nf6 16. Rfe1 Kf8 17. Bc4 Rad8 18. Bxe6 Rxe6 19. Nf3 Ne4 20. Kf1 Bb6 21. Ng5 {½-½ (21) Savchenko,B (2615)-Nielsen,P (2681) Helsingor 2011}) 11... Ke7 12. Nd2 h6 13. Bh4 Be6 (13... g5 $5 14. Bg3 $8 Rd8 $11) 14. Bxe6 Kxe6 15. Rfd1 $146 (15. Bxf6 $5 Kxf6 16. a4 $11) ({Find the theoretical novelty and annotate with similar games:} 15. Rad1) 15... Ne8 16. Kf1 g5 17. Bg3 Nd6 18. f3 g4 19. Bf2 Rhg8 20. Bxa7 Rxa7 21. Kf2 Raa8 22. Nf1 Rg5 23. Ne3 gxf3 24. gxf3 Rh5 25. Rh1 Rg8 26. h4 f5 27. Nxf5 Nxf5 28. exf5+ Rxf5 $11 {[%mdl 4096] Endgame KRR-KRR} 29. Rhg1 Rgf8 30. Rg6+ Kd5 31. Rd1+ Kc5 32. Rd7 Rxf3+ 33. Ke2 c6 {[#] aiming for ...Rf2+.} 34. Rxb7 Kd5 35. Rd7+ Ke4 {White must now prevent ...Rf2+.} 36. Rg4+ R8f4 (36... R3f4 $5 {[%cal Rf4g4]} 37. Rg2 Rxh4 $15) 37. Rxf4+ Rxf4 {KR-KR} 38. Rd6 Rxh4 39. Rxc6 Rh2+ 40. Kd1 h5 {[%cal Bh6h5,Bh5h4][%mdl 32]} 41. Rxa6 h4 42. a4 Rxb2 {Hoping for ...h3.} 43. Rh6 $2 {[%mdl 8192]} (43. Kc1 $17 Rh2 44. a5) 43... Kd3 $19 {[%cal Rb2b1]} 44. Kc1 Rh2 45. a5 e4 46. a6 {[#]} e3 $2 (46... Ra2 $1 $19 {has better winning chances. Strongly threatening ...e3.} 47. Kb1 Ra4) 47. a7 $2 {[%mdl 8192]} (47. Rd6+ $17 Kxc3 48. a7) 47... Ra2 48. Rxh4 Rxa7 (48... Kxc3 $142 49. Kd1 Kd3) 49. Rd4+ Kxc3 {[%mdl 32768] Precision: White = 50%, Black = 61%. . An unexpected result.} 1/2-1/2

[Event "Dvorkovich Memorial Rapid 2018"]
[Site "Taganrog"]
[Date "2018.01.14"]
[Round "2.23"]
[White "Lugovskoy, Maxim"]
[Black "Yermolenko, Vasily"]
[Result "0-1"]
[WhiteElo "2459"]
[BlackElo "2245"]
[Annotator "TA"]
[PlyCount "141"]
[EventDate "2018.??.??"]
[EventType "swiss"]
[EventCountry "RUS"]
[SourceTitle "playchess.com"]
[Source "ChessBase"]
[SourceQuality "1"]

{[%evp 9,141,45,63,37,39,4,9,6,10,-10,-10,-26,8,8,16,15,0,12,12,-18,-11,-17,-20,-8,53,35,35,37,46,27,40,16,40,-18,-21,-18,0,-41,0,-60,-9,-62,-62,-65,-63,-78,-64,-72,-68,-78,-68,-103,-31,-93,-54,-238,-225,-234,-221,-258,-272,-261,-265,-445,-201,-324,-303,-283,-265,-869,-870,-891,-887,-1375,-787,-690,-730,-766,-766,-751,-745,-1214,-1211,-1165,-1282,-1372,-234,-189,-181,-199,-8,-8,-8,-9,0,0,0,0,0,0,0,0,0,0,0,-8,-9,-34,-37,-36,0,0,0,0,0,0,0,0,0,0,0,0,0,0,0,0,8,8,8,8,8,8,8,-50]} 1. e4 Nf6 2. e5 Nd5 3. Nc3 Nb6 4. d4 d6 5. Nf3 Bg4 {LiveBook: 6 Games} 6. Be2 {B04: Alekhine's Defence: 4 Nf3} e6 7. Bg5 (7. O-O Be7 8. a4 a5 9. exd6 cxd6 10. d5 e5 11. Nd2 Bxe2 12. Qxe2 O-O 13. Nc4 {0-1 (34) Eid,F (2338)-Megaranto,S (2528) Ashkhabad 2017}) 7... Be7 8. Bxe7 Qxe7 9. Qd2 $146 ({Predecessor:} 9. O-O O-O 10. Ne4 dxe5 11. Nxe5 Bxe2 12. Qxe2 N8d7 13. f4 {0-1 (45) Wallin,A (1969)-Bermudez Barrera,E (2099) ICC INT 2009}) 9... Nc6 10. Qf4 Bf5 11. exd6 Qxd6 12. Qxd6 cxd6 13. O-O-O Nb4 14. a3 (14. Ne1 {with more complications.} O-O-O 15. Bf3 d5 16. g4 Bg6 17. Rg1) 14... N4d5 15. Nxd5 Nxd5 16. Nh4 Bg6 (16... Be4 $11) 17. Nxg6 hxg6 18. Bf3 Rc8 19. Kb1 Rc7 20. h4 Kd7 21. g4 (21. Bxd5 $14 exd5 22. g3) 21... Nf4 $11 22. Rde1 b5 23. Re3 a6 24. Rb3 (24. Re4 $11 Nd5 25. c3) 24... Rhc8 (24... d5 $15) 25. Rc1 (25. Bd1 $11) 25... d5 $15 26. Re3 Rh8 27. Rh1 f6 28. c3 Kd6 29. h5 g5 30. Rd1 Re8 ({Better is} 30... g6 $17 {[%cal Rg6h5]} 31. Rh1 gxh5 32. gxh5 f5) 31. a4 (31. Be2 $15) 31... bxa4 32. Kc2 $2 (32. Ka2 $15) 32... Rb8 $19 33. Ra1 Rcb7 34. Ra2 e5 35. dxe5+ fxe5 36. Re1 $2 {[#]} (36. Be2 {was worth a try.}) 36... e4 (36... Rxb2+ $142 $1 {[%mdl 512]} 37. Rxb2 Rxb2+ 38. Kxb2 Nd3+ 39. Ka3 Nxe1) 37. Be2 (37. Bxe4 {was the only chance.} dxe4 38. Rxe4) 37... Rb6 38. Bf1 Ne6 39. c4 $2 (39. f3 exf3 40. Re3) 39... Nd4+ 40. Kc1 {[#]} a3 $1 {[%cal Rb6b2][%mdl 512]} 41. Rd1 (41. Rxa3 Rxb2) 41... Rxb2 42. Rxb2 axb2+ {[%mdl 4096] Endgame KRB-KRN} ({Less strong is} 42... Rxb2 43. Rxd4 Rxf2 44. Rxd5+ Ke6 45. Bh3 $19) 43. Kb1 Kc5 44. cxd5 a5 {[%cal Ba6a5,Ba5a4,Ba4a3][%mdl 32]} 45. d6 a4 46. d7 a3 47. Ka2 Nc6 $2 (47... Nb3 {( -> ...Nc1+)} 48. Rb1 Kb4 49. Rxb2 axb2 50. Kxb2 Rd8) 48. Bg2 Rb4 49. Re1 Kd6 $2 (49... Rc4 $19 50. Bxe4 Rc1) 50. Bxe4 $11 Kxd7 51. Bf5+ Kc7 {aiming for ...Ra4.} 52. Kxa3 Rb8 53. Ka2 Nb4+ 54. Kb1 Nd5 {White must now prevent ...Nc3+.} 55. Kc2 Nb4+ 56. Kd2 Nd5 57. Re5 Kd6 58. Re6+ Kc5 59. Bb1 Kd4 (59... Rf8 $5 {[%cal Rf8f2]} 60. Re5 Rxf2+ 61. Kd3 Rf1 $15) 60. Re4+ {The position is equal.} Kc5 61. Re5 Kd4 62. Rxg5 Rc8 (62... Nc3 $5 63. Kc2 $8 Nb5 64. Kxb2 Nc3+ 65. Kc2 Rxb1 $11) 63. Rxg7 {Threatens to win with h6.} Rc1 64. Bf5 b1=Q 65. Bxb1 Rxb1 {KRN-KR} 66. h6 {[%cal Bh5h6,Bh6h7][%mdl 32] And now h7 would win.} Rb2+ 67. Ke1 {h7 is the strong threat.} Nf4 68. h7 Rb1+ $1 69. Kd2 Rh1 70. g5 Ke4 71. Re7+ {Precision: White = 39%, Black = 51%.} ({White should try} 71. g6 $11 Kf5 72. Rf7+ Kxg6 73. Rxf4) 0-1

[Event "Dvorkovich Memorial Rapid 2018"]
[Site "Taganrog"]
[Date "2018.01.14"]
[Round "2.24"]
[White "Mirzoyan, Mikhail"]
[Black "Vastrukhin, Oleg"]
[Result "0-1"]
[WhiteElo "2275"]
[BlackElo "2398"]
[Annotator "ChessBase"]
[PlyCount "51"]
[EventDate "2018.??.??"]
[EventType "swiss"]
[EventCountry "RUS"]
[SourceTitle "playchess.com"]
[Source "ChessBase"]
[SourceQuality "1"]
[TimeControl "900+10"]

1. e4 {[%emt 0:00:00]} e6 {[%emt 0:00:00]} 2. d4 {[%emt 0:00:00]} d5 {[%emt 0:00:02]} 3. Nc3 {[%emt 0:00:00]} Bb4 {[%emt 0:00:00]} 4. e5 {[%emt 0:00:00]} c5 {[%emt 0:00:00]} 5. a3 {[%emt 0:00:00]} Bxc3+ {[%emt 0:00:00]} 6. bxc3 {[%emt 0:00:00]} Nc6 {[%emt 0:00:00]} 7. Qg4 {[%emt 0:01:07]} g6 {[%emt 0:00:08]} 8. Nf3 {[%emt 0:00:27]} Qa5 {[%emt 0:00:10]} 9. Bd2 {[%emt 0:00:14]} Qa4 {[%emt 0:00:05]} 10. Be2 {[%emt 0:00:52]} c4 {[%emt 0:00:56]} 11. Ng5 {[%emt 0:02:56]} h6 {[%emt 0:00:10]} 12. Nh3 {[%emt 0:01:14]} Bd7 {[%emt 0:00:42]} 13. Nf4 {[%emt 0:00:17]} O-O-O {[%emt 0:00:21]} 14. O-O {[%emt 0:00:53]} Qxc2 {[%emt 0:01:26]} 15. Rfd1 {[%emt 0:00:00]} Na5 {[%emt 0:00:52]} 16. Be1 {[%emt 0:02:52]} Nb3 {[%emt 0:00:47]} 17. Rab1 {[%emt 0:00:00]} Qa2 {[%emt 0:00:03]} 18. h4 {[%emt 0:01:15]} Qxa3 {[%emt 0:00:04]} 19. h5 {[%emt 0:00:05]} g5 {[%emt 0:00:02]} 20. Nh3 {[%emt 0:00:11]} f5 {[%emt 0:00:01]} 21. exf6 {[%emt 0:00:13]} Nxf6 {[%emt 0:00:02]} 22. Qf3 {[%emt 0:00:14]} Rhf8 {[%emt 0:00:21]} 23. Qe3 {[%emt 0:00:00]} Qd6 {[%emt 0:01:54]} 24. f3 {[%emt 0:01:00]} Nxh5 {[%emt 0:00:14]} 25. g4 {[%emt 0:00:14]} Nf4 {[%emt 0:00:02]} 26. Ra1 {[%emt 0:00:12]} 0-1

[Event "Dvorkovich Memorial Rapid 2018"]
[Site "Taganrog"]
[Date "2018.01.14"]
[Round "2.25"]
[White "Belyakov, Bogdan"]
[Black "Potapenko, Denis"]
[Result "1-0"]
[WhiteElo "2486"]
[BlackElo "2158"]
[Annotator "TA"]
[PlyCount "67"]
[EventDate "2018.??.??"]
[EventType "swiss"]
[EventCountry "RUS"]
[SourceTitle "playchess.com"]
[Source "ChessBase"]
[SourceQuality "1"]

{[%evp 14,67,39,25,34,30,47,51,136,109,99,45,50,45,77,63,65,52,44,47,61,52,76,59,79,72,94,80,104,90,79,84,116,122,135,121,120,110,267,271,346,362,340,332,345,332,371,367,498,513,524,418,448,418,461,468]} 1. e4 d5 2. exd5 Qxd5 3. Nc3 Qa5 4. Bc4 Nf6 5. d3 c6 6. Bd2 Bf5 {B01: Scandinavian Defence} (6... Qc7 7. Qe2 Bf5 8. h3 h5 9. Nf3 Nbd7 10. O-O Nb6 11. Bb3 Nbd5 12. Nxd5 Nxd5 13. Nd4 Bd7 14. Bxd5 cxd5 15. c4 dxc4 16. dxc4 {½-½ (48) Efimenko,Z (2651)-Kryvoruchko,Y (2659) Kiev 2013}) 7. Qe2 e6 8. h3 {LiveBook: 6 Games} Bb4 {White has an edge.} 9. Nf3 O-O 10. a3 Bxc3 (10... Nbd7 $14) 11. Bxc3 $16 Qd8 12. O-O (12. g4 $16 Bg6 13. Ne5) 12... Nbd7 13. Nh4 $146 ({Find the theoretical novelty and annotate with similar games:} 13. Rfe1) 13... Bg6 14. Nxg6 hxg6 15. Rfe1 Nd5 16. Bd2 Qf6 17. Rab1 N7b6 18. Bb3 Rfd8 19. Qg4 {Threatens to win with c4.} Qf5 20. Qg3 {[#] Re5 is the strong threat.} Nd7 21. Bg5 Re8 22. Re2 e5 23. Rbe1 Re6 24. Qh4 f6 25. Bc1 g5 $2 {[#]} (25... Rae8 $16) 26. Qe4 $1 $18 {[%cal Re4f5]} Qh7 27. Bxd5 cxd5 28. Qxd5 Nf8 29. Qxb7 Ree8 30. d4 e4 31. Rxe4 Rxe4 32. Qxe4 Rd8 33. Qxh7+ Kxh7 34. c3 {Precision: White = 75%, Black = 31%.} 1-0

[Event "Dvorkovich Memorial Rapid 2018"]
[Site "Taganrog"]
[Date "2018.01.14"]
[Round "2.26"]
[White "Frolov, Andrey"]
[Black "Balashov, Yuri S"]
[Result "0-1"]
[WhiteElo "2120"]
[BlackElo "2434"]
[Annotator "TA"]
[PlyCount "70"]
[EventDate "2018.??.??"]
[EventType "swiss"]
[EventCountry "RUS"]
[SourceTitle "playchess.com"]
[Source "ChessBase"]
[SourceQuality "1"]

{[%evp 24,70,0,0,0,0,12,9,12,-47,-8,-33,85,97,217,69,62,66,64,64,230,205,224,200,220,204,200,207,652,159,150,109,144,98,104,77,62,0,44,-50,-42,-20,-20,-105,-114,-780,-748,-29998,-29999]} 1. e4 c5 2. Nf3 Nc6 3. d4 cxd4 4. Nxd4 Qb6 5. Nb3 Nf6 6. Nc3 e6 7. Be3 Qc7 8. Be2 a6 {B33: Sicilian: Pelikan and Sveshnikov Variations} 9. O-O Be7 10. f4 (10. a4 b6 11. f4 d6 12. Qe1 O-O 13. Rc1 Re8 14. Qf2 Rb8 15. Nd4 {0-1 (107) Malakhov,I (2454)-Motylev,A (2663) Tallinn 2016}) 10... d6 11. Kh1 b5 12. a3 O-O 13. Qe1 {LiveBook: 3 Games} Rb8 14. Qg3 b4 15. axb4 Nxb4 16. e5 (16. Nd4 $11) 16... Nd7 17. f5 {[%cal Bf4f5,Bf5f6][%mdl 32]} dxe5 $146 (17... exf5 $15 {keeps the upper hand.} 18. Bh6 g6) ({Predecessor:} 17... exf5 18. Bh6 g6 19. Bxf8 Bxf8 20. exd6 Bxd6 {½-½ (44) Van Rosmalen,J (2206)-Soumya,S (2309) Dieren 2009}) 18. Bh6 $1 $16 {[%csl Gh6][%cal Rg3g7]} g6 (18... Bf6 $16) 19. Bxf8 ({Better is} 19. fxe6 $18 fxe6 20. Bxf8 Nxf8 21. Qf2) 19... Nxf8 $14 20. f6 $1 $40 {[%cal Rf6e7][%mdl 128] White has some attack.} Bd8 $1 21. Qg5 {Qh6 is the strong threat.} Nd5 $2 (21... Nd7 $1 $14) 22. Nxd5 $18 ({Less strong is} 22. Bxa6 Nd7 $14) 22... exd5 23. Qh6 {[%csl Gf6][%cal Rh6g7]} (23. Bxa6 Nd7 $14) 23... Bxf6 24. Rxf6 Qxc2 25. Raf1 ({Not} 25. Bxa6 Bxa6 26. Rfxa6 Qxb3 $17) 25... Be6 $2 {[#]} (25... Bf5) 26. Bd1 $2 (26. Bg4 $1 $18 {[%mdl 512] is the precise move to win. White wants to mate with Bxe6.} Qc7 {[#]} (26... Bxg4 27. Rxf7) 27. Nc5 $1 {[%mdl 512]}) 26... Qc7 $16 27. Qd2 d4 28. Na5 Nd7 {[%cal Bf8d7,Bd7c5,Bc5d3][%mdl 32]} 29. R6f2 Nc5 {Strongly threatening ...Ne4.} 30. Re1 (30. Re2 $14) 30... e4 {aiming for ...e3.} 31. Qxd4 (31. Rf6 $14) 31... Nd3 $15 32. Rc2 Qxa5 33. Rxe4 (33. Rf1 $1 $11) 33... Rd8 $17 34. Qf6 $2 {[%mdl 8192]} (34. Qg1 $17) 34... Nc5 $19 35. Rd4 Qe1+ {Precision: White = 32%, Black = 39%.} 0-1

[Event "Dvorkovich Memorial Rapid 2018"]
[Site "Taganrog"]
[Date "2018.01.14"]
[Round "2.27"]
[White "Cherepanova, Evita"]
[Black "Tunik, Gennady"]
[Result "0-1"]
[WhiteElo "1753"]
[BlackElo "2378"]
[Annotator "ChessBase"]
[PlyCount "52"]
[EventDate "2018.??.??"]
[EventType "swiss"]
[EventCountry "RUS"]
[SourceTitle "playchess.com"]
[Source "ChessBase"]
[SourceQuality "1"]
[TimeControl "900+10"]

1. d4 {[%emt 0:00:00]} Nf6 {[%emt 0:00:02]} 2. Nf3 {[%emt 0:00:00]} e6 {[%emt 0:00:03]} 3. Bf4 {[%emt 0:00:00]} b6 {[%emt 0:00:00]} 4. e3 {[%emt 0:00:12]} Bb7 {[%emt 0:00:03]} 5. h3 {[%emt 0:00:05]} c5 {[%emt 0:00:16]} 6. c3 {[%emt 0:00:08]} Be7 {[%emt 0:00:12]} 7. Nbd2 {[%emt 0:01:12]} O-O {[%emt 0:00:07]} 8. Bd3 {[%emt 0:00:04]} cxd4 {[%emt 0:00:30]} 9. exd4 {[%emt 0:00:29]} d6 {[%emt 0:00:09]} 10. O-O {[%emt 0:02:27]} Nbd7 {[%emt 0:00:20]} 11. Re1 {[%emt 0:00:35]} Re8 {[%emt 0:00:55]} 12. Nc4 {[%emt 0:01:52]} Nf8 {[%emt 0:00:26]} 13. a4 {[%emt 0:02:39]} Ng6 {[%emt 0:00:12]} 14. Bh2 {[%emt 0:00:22]} Nd5 {[%emt 0:00:30]} 15. a5 {[%emt 0:01:33]} b5 {[%emt 0:00:20]} 16. a6 {[%emt 0:01:29]} Bc6 {[%emt 0:01:43]} 17. Na5 {[%emt 0:00:48]} Bd7 {[%emt 0:00:40]} 18. Nb7 {[%emt 0:01:19]} Qb6 {[%emt 0:00:05]} 19. Qb3 {[%emt 0:00:36]} Rac8 {[%emt 0:01:03]} 20. Qa3 {[%emt 0:00:06]} b4 {[%emt 0:00:35]} 21. cxb4 {[%emt 0:00:14]} Nxb4 {[%emt 0:00:06]} 22. d5 {[%emt 0:01:31]} e5 {[%emt 0:00:34]} 23. Rec1 {[%emt 0:00:31]} Bf8 {[%emt 0:00:44]} 24. Bxg6 {[%emt 0:00:10]} hxg6 {[%emt 0:00:10]} 25. Qa5 {[%emt 0:00:17]} Qxa5 {[%emt 0:00:10]} 26. Rxa5 {[%emt 0:00:00]} Rxc1+ {[%emt 0:00:12]} 0-1

[Event "Dvorkovich Memorial Rapid 2018"]
[Site "Taganrog"]
[Date "2018.01.14"]
[Round "2.28"]
[White "Matjushin, Gennady"]
[Black "Garkushin, Artem"]
[Result "1-0"]
[WhiteElo "2417"]
[BlackElo "2088"]
[Annotator "TA"]
[PlyCount "119"]
[EventDate "2018.??.??"]
[EventType "swiss"]
[EventCountry "RUS"]
[SourceTitle "playchess.com"]
[Source "ChessBase"]
[SourceQuality "1"]

{[%evp 10,119,19,-1,10,-26,-26,-20,-24,-25,-9,0,106,106,190,183,175,96,88,99,98,79,77,77,90,76,79,68,69,65,68,22,44,17,57,56,93,75,89,86,82,78,78,75,194,189,276,276,276,266,266,287,385,372,343,337,596,591,595,581,488,490,882,812,756,666,723,644,1070,683,679,635,562,135,133,40,633,626,1222,256,242,258,460,466,643,625,599,544,556,560,718,745,735,661,555,578,1700,1251,1546,1447,1793,1358,1579,1311,1651,1620,1585,1232,6483,6436,5035,1442]} 1. c4 Nf6 2. g3 c5 3. Bg2 g6 4. Nc3 Bg7 5. a3 O-O (5... Nc6 6. Rb1 a5 7. Nf3 O-O 8. O-O d6 9. h3 Bf5 10. d3 h6 11. e4 Bd7 12. Kh2 Ne8 13. Nb5 a4 14. Be3 Nc7 15. Nc3 Nd4 16. Bxd4 cxd4 {0-1 (45) Brodowski,P (2430)-Castellanos Rodriguez,R (2501) Katowice 2017}) 6. Rb1 {LiveBook: 14 Games. A34: Symmetrical English: 2 Nc3, lines with ...d5} e6 7. b4 cxb4 8. axb4 {Black has an edge.} d5 9. c5 b6 $146 ({Predecessor:} 9... d4 10. Nb5 Ne8 11. d3 Nc6 12. Nf3 e5 13. O-O {0-1 (47) Fischer,D (2141)-Szirmai,E (2177) Budapest 2002}) 10. Nf3 Qc7 (10... a5 $11 {remains equal.}) 11. d4 $16 a5 (11... Bb7 $16) 12. Bf4 $18 Qd8 13. Na4 (13. b5 $18) 13... bxc5 $16 14. bxc5 Nc6 15. Ne5 Nxe5 16. Bxe5 Bd7 17. Nb6 Ra7 18. O-O Bc6 19. Qc2 Nd7 20. Bxg7 Kxg7 21. Rb2 Rb7 {[%cal Rd7b6]} 22. Rfb1 Qc7 23. Qc3 Ra7 24. e4 {[%cal Re4d5]} Nf6 25. e5 $36 {[%mdl 2048] Keeping Black busy.} Nd7 26. h4 f6 (26... h5 $16) 27. Nxd7 $18 Qxd7 (27... Bxd7 $142 28. exf6+ Rxf6) 28. exf6+ Rxf6 29. Rb6 a4 30. Qe3 Rb7 31. Rxb7 Bxb7 {[#]} 32. h5 $1 {[%mdl 512]} gxh5 $2 (32... h6 33. hxg6 Rxg6 34. Qe5+ Rf6) 33. Qg5+ Rg6 34. Qe5+ Kf7 35. Qxh5 h6 (35... Kf8 $142 36. Bf1 Rf6) 36. Bf1 Kg7 37. Qe5+ Rf6 38. Bd3 Bc6 39. Kg2 a3 40. Ra1 Qa7 41. Qd6 $2 (41. Rh1 $18 {has better winning chances. White threatens Rxh6! and mate.} Qf7 42. f4) 41... Be8 $16 42. Qb6 (42. Ra2 $16) 42... Qxb6 $4 {[%mdl 8192]} (42... Qf7 $14 43. Rf1 e5) 43. cxb6 $14 {[%mdl 4096] [#] Endgame aiming for b7. KRB-KRB} e5 44. dxe5 $2 (44. b7 Rb6 45. Rb1 Rxb7 46. Rxb7+ Kf6 47. Rb6+ Ke7 48. dxe5) 44... Rxb6 $18 {White should prevent ...Rb3.} 45. Rxa3 Rb7 $2 (45... Rb2 46. g4 Rb4) 46. f4 {[%cal Bf2f4,Bf4f5][%mdl 32] White is clearly winning.} Bg6 47. f5 Bh5 48. Ra4 Rc7 49. Rd4 Rc5 50. g4 Be8 51. Kg3 Bc6 52. Kf4 Rc1 53. Rb4 Rc3 54. Ke3 Rc1 55. Rb6 Kf7 56. Ra6 Be8 57. Rxh6 Rg1 58. Be2 Rg3+ 59. Bf3 d4+ 60. Ke4 {Precision: White = 61%, Black = 34%.} (60. Kf4 $142 Rg1 61. Bd5+ Ke7 62. f6+ Kd7 63. Rh7+ Kc8 64. Rh8 Rf1+ 65. Kg5) 1-0

[Event "Dvorkovich Memorial Rapid 2018"]
[Site "Taganrog"]
[Date "2018.01.13"]
[Round "3.1"]
[White "Goganov, Aleksey"]
[Black "Savchenko, Boris"]
[Result "1-0"]
[WhiteElo "2563"]
[BlackElo "2566"]
[Annotator "TA"]
[PlyCount "155"]
[EventDate "2018.??.??"]
[EventType "swiss"]
[EventCountry "RUS"]
[SourceTitle "playchess.com"]
[Source "ChessBase"]
[SourceQuality "1"]

{[%evp 11,155,28,30,37,44,43,71,40,38,40,36,29,33,32,34,36,41,39,52,0,0,2,34,31,28,24,33,24,43,43,45,38,34,29,35,37,79,92,96,-29,-7,-7,-9,-18,-36,-31,-24,-21,0,0,37,14,47,0,74,74,75,75,300,297,464,454,447,443,445,360,572,132,155,154,137,145,178,166,158,165,146,151,191,169,168,111,151,159,569,545,495,322,320,290,262,184,195,185,165,168,154,116,135,120,130,119,143,0,119,0,151,170,248,205,482,472,450,450,546,541,541,537,518,493,510,507,707,679,771,754,876,816,1740,5038,4918,1789,1732,1135,1332,0,1619,1629,1458,1375,1293,1258,1226,1194,1145,1010]} 1. Nf3 Nf6 2. g3 c5 3. Bg2 Nc6 4. O-O e5 5. c4 g6 6. Nc3 Bg7 7. d3 {A38: Symmetrical English vs ...g6: 4 Bg2 Bg7 5 Nf3 Nf6} (7. Ne1 h5 8. d3 h4 9. Bg5 h3 10. Bh1 Nd4 11. Nd5 Ne6 12. Bxf6 Bxf6 13. Nxf6+ Qxf6 14. Nc2 Rb8 {1-0 (41) Ftacnik,L (2544)-Shirov,A (2716) Czechia 2013}) 7... h6 8. a3 d6 9. Ne1 $146 {White is better.} (9. b4 $5) ({Predecessor:} 9. Rb1 a5 10. Ne1 O-O 11. Nc2 Bd7 12. b4 axb4 13. axb4 cxb4 14. Nxb4 Nxb4 15. Rxb4 {1-0 (34) Martinovic,S (2470)-Ivanovic,B (2515) Vrnjacka Banja 1998}) 9... O-O 10. Nc2 Rb8 11. b4 Nd4 12. Rb1 b6 13. Ne3 Kh7 14. h3 Bd7 15. Ned5 Nxd5 16. Nxd5 b5 17. e3 Ne6 18. cxb5 Bxb5 19. a4 Bc6 20. b5 Ba8 21. Qc2 f5 22. Bd2 f4 23. exf4 exf4 24. Nxf4 Nd4 25. Qd1 (25. Qa2 $16) 25... Bxg2 26. Kxg2 Qc7 {Threatens to win with ...Qb7+.} 27. Qg4 Qb7+ 28. f3 Qf7 {[%mdl 1024] White should prevent ...h5. Black has compensation.} 29. Rbe1 Rfe8 30. h4 h5 31. Qg5 $36 {[%mdl 2048] White fights for an advantage.} Re5 (31... Nf5 $5 {[%cal Rg7h6]} 32. Rxe8 Rxe8 $11) 32. Nh3 {[%cal Bf4h3,Bh3g5,Bg5f7][%mdl 32] Hoping for Qxe5!} Qa2 (32... Rxe1 $11 {remains equal.} 33. Bxe1 Re8) 33. Rxe5 $16 dxe5 34. Rf2 {aiming for Qe7.} Re8 $2 (34... Qxa4 $16 35. Qe7 Qxb5) 35. Qe3 $1 $18 Kh8 (35... Qd5 $142 36. Qe4 Qxe4 37. Ng5+ (37. dxe4 Bf6 $16) (37. fxe4 Kg8 $16) 37... Kg8 38. Nxe4 (38. fxe4 Re7 $18) 38... Rc8) 36. Qe4 Qf7 37. Ng5 Qf6 38. Qd5 Bf8 (38... Qe7 $142 39. Rf1 Bf6) 39. Qf7 $2 (39. f4 $18 {is more deadly.} exf4 40. Bc3 (40. gxf4 Nf5 $14)) 39... Qxf7 $16 40. Nxf7+ Kg8 41. Ng5 Rc8 42. Be3 c4 43. dxc4 $1 Rxc4 44. Ra2 $1 Bc5 45. Ne4 Be7 {[#]} 46. Bxd4 (46. Kf2 $1 $18) 46... exd4 $18 {[%mdl 4096] Endgame KRB-KRN} 47. a5 Rb4 $2 {[#]} (47... d3 $16 {is more resistant.} 48. Rd2 (48. b6 axb6 49. axb6 Rb4 $16) 48... Rd4) 48. b6 $1 {[%cal Rb6a7][%mdl 512]} a6 (48... axb6 49. a6) 49. Kf2 Kf7 50. Ke2 Ke6 51. Nf2 Bd6 52. Nd3 Rb5 53. g4 Kd5 54. gxh5 gxh5 {[#]} 55. Ra1 $1 Kc4 56. Rc1+ Kd5 57. Ra1 Kc4 $1 58. Rc1+ Kd5 59. Rg1 Be7 (59... Kc6 $142) 60. Nf4+ Kc5 $2 (60... Kd6 61. Rg6+ Kc5) 61. Ne6+ Kd6 62. Nxd4 Rxa5 63. b7 Ra2+ 64. Kd3 Rb2 65. Nf5+ Ke6 66. Nxe7 {Black must now prevent Nc6.} Rxb7 {KRN-KR} 67. Nc6 Kf5 68. Rg5+ Kf4 69. Nd4 a5 70. Rxa5 Rh7 71. Rg5 Rh6 72. Rg8 Ra6 73. Rg5 $2 (73. Rf8+ $18 Kg3 74. f4) 73... Ra3+ $2 {[%mdl 8192]} (73... Rh6 $11 74. Kd2 Ra6 75. Rxh5 Ra2+ 76. Kc3 Ra3+ 77. Kb4 Ra2) 74. Kc4 {White is clearly winning.} Ra4+ 75. Kc3 Ra3+ 76. Kb4 Ra7 77. Rxh5 Rd7 78. Kc4 {Precision: White = 64%, Black = 43%.} 1-0